PHYSIOTHERAPY IN ORTHOPAEDIC AND RHEUMATOLOGIC CONDITIONS (Record no. 30984)

MARC details
000 -LEADER
fixed length control field 00450nam a22001697a 4500
003 - CONTROL NUMBER IDENTIFIER
control field SGT
020 ## - INTERNATIONAL STANDARD BOOK NUMBER
International Standard Book Number 9789354654321
082 ## - DEWEY DECIMAL CLASSIFICATION NUMBER
Classification number 617.3
Item number P24S
100 ## - MAIN ENTRY--PERSONAL NAME
Personal name SHETH, MEGHA SANDEEP
245 ## - TITLE STATEMENT
Title PHYSIOTHERAPY IN ORTHOPAEDIC AND RHEUMATOLOGIC CONDITIONS
250 ## - EDITION STATEMENT
Edition statement 1ST
260 ## - PUBLICATION, DISTRIBUTION, ETC. (IMPRINT)
Place of publication, distribution, etc INDIA
Name of publisher, distributor, etc JAYPEE PUB
Year of Publication 2024
300 ## - PAGE DESCRIPTION
No. of Pages 888
650 ## - SUBJECT ADDED ENTRY--TOPICAL TERM
Topical term or geographic name as entry element PHYSIOTHERAPY
653 ## - KEYWORDS--INDEX TERM
Keyword term PHYSIOTHERAPY IN ORTHOPAEDIC AND RHEUMATOLOGIC CONDITIONS
942 ## - ADDED ENTRY ELEMENTS (KOHA)
Source of classification or shelving scheme Dewey Decimal Classification
Koha item type Books
Holdings
Withdrawn status Lost status Source of classification or shelving scheme Damaged status Not for loan Collection code Home library Current library Shelving location Date acquired Vendor Name Cost, normal purchase price SGTU Bill Number Full call number Accession No. (Barcode) Date last seen Bill Date Koha item type Total Checkouts Date last borrowed Checked out
    Dewey Decimal Classification   Not For Loan MEDICAL SGT Medical Library SGT Medical Library Text Book 23/03/2025 ABC DELHI 1350.00 SGTU 20801 617.3 P24S FM15266 25/04/2025 23/03/2025 Books      
    Dewey Decimal Classification     MEDICAL SGT Medical Library SGT Medical Library Text Book 23/03/2025 ABC DELHI 1350.00 SGTU 20801 617.3 P24S FM15267 05/06/2026 23/03/2025 Books 9 28/05/2026  
    Dewey Decimal Classification     MEDICAL SGT Medical Library SGT Medical Library Text Book 23/03/2025 ABC DELHI 1350.00 SGTU 20801 617.3 P24S FM15268 02/06/2026 23/03/2025 Books 2 02/06/2026 16/06/2026
    Dewey Decimal Classification     MEDICAL SGT Medical Library SGT Medical Library Text Book 23/03/2025 ABC DELHI 1350.00 SGTU 20801 617.3 P24S FM15269 25/05/2026 23/03/2025 Books 7 25/05/2026 08/06/2026
    Dewey Decimal Classification     MEDICAL SGT Medical Library SGT Medical Library Text Book 23/03/2025 ABC DELHI 1350.00 SGTU 20801 617.3 P24S FM15270 03/06/2026 23/03/2025 Books 8 03/06/2026 17/06/2026